000 01124cam a22002774a 4500
001 14108189
005 20180202065952.0
008 050914s2006 nyua b 000 0 eng
010 _a 2005052921
020 _a1594489084
020 _a9781594489082
035 _a(OCoLC)ocm61731513
040 _aDLC
_cDLC
_dBAKER
_dC#P
_dDLC
041 _aeng
042 _apcc
043 _an-usa--
080 _a622/.2920974 ERI
082 0 0 _a622/.2920974 ERI
_222
100 1 _a9
101 _aMJE
245 1 0 _aLost mountain :
_cErik Reece ; foreword by Wendell Berry ; photographs by John J. Cox.
504 _aIncludes bibliographical references (p. 249-250).
906 _a7
_bcbc
_corignew
_d1
_eocip
_f20
_gy-gencatlg
942 _2ddc
_cBK
999 _c41629
_d41629